000 00266nam a2200109Ia 4500
008 191206s9999 xx 000 0 und d
090 _aPZ3.V5494
245 0 _aJourney to the centre of the earth
260 _aAce Books
260 _cc[c1956]
300 _a256 p. 17 cm.
999 _c16302
_d16302